Modelovanie rozhodovacích procesov na úrovni miestnej územnej samosprávy v podmienkach Slovenska

Manažérske rozhodovanie. Prvky rozhodovacích procesov. Rozhodovacie procesy za istoty, rizika a neistoty. Manažment a rozhodovacie procesy v samospráve. Analýza rozhodovacích procesov na úrovni miestnej územnej samosprávy a tvorba modelu rozhodovania pre miestne územné samosprávy. Výsledky výskumu.

Gespeichert in:
Bibliographische Detailangaben
1. Verfasser: Galata, Milan
Weitere Verfasser: Balážová, Eva
Format: Buchkapitel
Sprache:Slowakisch
Schlagworte:
Tags: Tag hinzufügen
Keine Tags, Fügen Sie das erste Tag hinzu!

MARC

LEADER 00000nla$a2200000$$$4500
001 0107813
005 20240502072205.4
041 0 |a slo 
044 |a SK 
245 1 0 |a Modelovanie rozhodovacích procesov na úrovni miestnej územnej samosprávy v podmienkach Slovenska  |c Milan Galata, Eva Balážová 
520 |a Manažérske rozhodovanie. Prvky rozhodovacích procesov. Rozhodovacie procesy za istoty, rizika a neistoty. Manažment a rozhodovacie procesy v samospráve. Analýza rozhodovacích procesov na úrovni miestnej územnej samosprávy a tvorba modelu rozhodovania pre miestne územné samosprávy. Výsledky výskumu. 
610 2 0 |a rozhodovanie manažérske 
610 2 0 |a riadenie 
610 2 0 |a samospráva miestna 
610 2 0 |a riziko 
610 2 0 |a modelovanie 
610 2 0 |a výskum 
610 2 0 |a Slovensko 
100 1 |a Galata, Milan 
700 1 |a Balážová, Eva